|
|
|
|
| LEADER |
01906nam a2200553 i 4500 |
| 001 |
nkc20172937873 |
| 003 |
CZ PrNK |
| 005 |
20171124072330.0 |
| 007 |
ta |
| 008 |
170928t20172017xr e f 000 0 cze |
| 015 |
|
|
|a cnb002937873
|
| 020 |
|
|
|a 978-80-87572-29-0
|q (brožováno)
|
| 035 |
|
|
|a (OCoLC)1011108911
|
| 040 |
|
|
|a OLA001
|b cze
|d ABA001
|e rda
|
| 072 |
|
7 |
|a 59
|x Zoologie
|2 Konspekt
|9 2
|
| 080 |
|
|
|a 598.2
|2 MRF
|
| 080 |
|
|
|a 57.081.1
|2 MRF
|
| 080 |
|
|
|a 37.091.217:379.8
|2 MRF
|
| 080 |
|
|
|a 37.091.3
|2 MRF
|
| 080 |
|
|
|a (036)
|2 MRF
|
| 100 |
1 |
|
|a Dobruská, Gabriela
|7 pna2017947097
|4 aut
|
| 245 |
1 |
0 |
|a Organizujeme vycházky pro veřejnost :
|b tipy a rady zkušených organizátorů nejen pro začínající kolegy /
|c text: Gabriela Dobruská, Jaroslav Koleček
|
| 264 |
|
1 |
|a [Praha] :
|b ČSO,
|c [2017]
|
| 264 |
|
4 |
|c ©2017
|
| 300 |
|
|
|a 32 stran ;
|c 15 cm
|
| 336 |
|
|
|a text
|b txt
|2 rdacontent
|
| 337 |
|
|
|a bez média
|b n
|2 rdamedia
|
| 338 |
|
|
|a svazek
|b nc
|2 rdacarrier
|
| 500 |
|
|
|a Název z obálky
|
| 504 |
|
|
|a Obsahuje bibliografii
|
| 650 |
0 |
7 |
|a ornitologie
|7 ph123817
|2 czenas
|
| 650 |
0 |
7 |
|a pozorování přírody
|7 ph124478
|2 czenas
|
| 650 |
0 |
7 |
|a ptáci
|7 ph115956
|2 czenas
|
| 650 |
0 |
7 |
|a exkurze
|7 ph536671
|2 czenas
|
| 650 |
0 |
7 |
|a studium a výuka
|7 ph136700
|2 czenas
|
| 650 |
0 |
9 |
|a ornithology
|2 eczenas
|
| 650 |
0 |
9 |
|a nature observations
|2 eczenas
|
| 650 |
0 |
9 |
|a birds
|2 eczenas
|
| 650 |
0 |
9 |
|a study excursions
|2 eczenas
|
| 650 |
0 |
9 |
|a study and teaching
|2 eczenas
|
| 655 |
|
7 |
|a informační publikace
|7 fd132454
|2 czenas
|
| 655 |
|
9 |
|a information publications
|2 eczenas
|
| 700 |
1 |
|
|a Koleček, Jaroslav,
|d 1985-
|7 hka2016901864
|4 aut
|
| 910 |
2 |
|
|a BOA001
|b S-1398.035
|
| 928 |
9 |
|
|a Česká společnost ornitologická
|
| 990 |
|
|
|a BK
|
| 995 |
|
|
|a 01
|
| 991 |
|
|
|b 201711
|c NOV
|
| 996 |
6 |
|
|b 2610725156
|c S-1398.035
|l MZK
|r Sklad / do 24 hodin
|n 0
|p p.v.
|w 001639652
|u 000010
|a 1
|e BOA001
|j MZK50
|s P
|